00670cam a22002291 4500001001300000003000400013005001700017008004100034010001700075035002000092040004000112050001700152082001100169100002400180245006300204260004300267300002600310651003900336650002000375700003000395999001500425af 48002347 DLC20260227110855.0880929s1944 it a 000 0 ita c aaf 48002347  a(OCoLC)18545450 aCalifornia. Univ. Libr.cCSfSCdDLC00aDQ841.M4bB4 a914.941 aBernardi, Marziano.03aIl Cervino e la sua storia,ca cura di Vittorio Zumaglino. aTorino,bEdizioni S.A. Cervinoc[1944] a70 p.billus.c29 cm. 0aMatterhorn (Switzerland and Italy) 0aMountaineering.1 aZumaglino, Vittorio,eed. c4986d4986